Semimocro Qualitative Analysis
| Main Author: | |
|---|---|
| Format: | Section = Libro |
| Language: | Undetermined Spanish |
| Published: |
United States
Houghton Mifflin Company
1961
|
| Subjects: |
| LEADER | 00472nam a2200181Ia 4500 | ||
|---|---|---|---|
| 008 | 240830s9999 xx 000 0 und d | ||
| 040 | |a CEDOC FIQ-RUSB / 543 C819 | ||
| 041 | |a spa | ||
| 082 | |a 543 C819 | ||
| 100 | 1 | |a Cornog, Jacob | |
| 245 | 1 | 0 | |a Semimocro Qualitative Analysis |
| 260 | |a United States |b Houghton Mifflin Company |c 1961 | ||
| 300 | |a 253 p. | ||
| 650 | 7 | |a QUÍMICA ANALíTICA | |
| 650 | 7 | |b EL GRUPO DE SULFATOS | |
| 942 | |c BK |2 ddc | ||
| 991 | |a TEXTO | ||
| 999 | |c 13714 | ||